• 首页
  • 本馆介绍
  • 公告通知
  • 最新文献
  • 馆藏检索
  • 电子资源
  • 读者导购
  • 参考咨询
  • 我的图书馆
  • 登录
  • 详细信息显示
  • 放入我的书架
  • 预约/预借图书
  • 作者相关作品
  • 分类相关作品
  • 丛书相关作品
  • 出版社相关作品

书目信息

  • 表格格式
  • 工作单格式
  • 卡片格式
题名:
汽车发动机构造与维修
    
 
作者: 邱宗敏 , 邢世凯 主编
分册:  
出版信息: 大连   大连理工大学出版社  2017.1
页数: 300页
开本: 26cm
丛书名:
单 册:
中图分类: U464.03 , U472.43
科图分类:
主题词: 汽车--发动机--构造--高等职业教育--教材 , 汽车--发动机--维修--高等职业教育--教材
电子资源:
ISBN: 978-7-5685-0693-9
000 01172nam0 2200301 450
001 0500003353
005 20171026103713.53
010    @a978-7-5685-0693-9@dCNY42.50
100    @a20170524d2017 em y0chiy50 ea
101 0  @achi
102    @aCN@b210000
105    @aa z 000yy
106    @ar
200 1  @a汽车发动机构造与维修@9qi che fa dong ji gou zao yu wei xiu@f邱宗敏,邢世凯主编
205    @a第4版
210    @a大连@c大连理工大学出版社@d2017.1
215    @a300页@c图@d26cm
300    @a“十二五”职业教育国家规划教材
304    @a新世纪高职高专教材编审委员会组编
330    @a本书内容包括:发动机基本工作原理与总体构造,曲柄连杆机构的构造与维修,配气机构的构造与维修,汽油喷射式燃料供给系的构造与维修,发动机辅助控制系统的构造与维修,柴油机燃料供给系的构造与维修,润滑系的构造与维修,冷却系的结构与维修,发动机装配、磨合与发动机特性。
606 0  @a汽车@x发动机@x构造@x高等职业教育@j教材
606 0  @a汽车@x发动机@x维修@x高等职业教育@j教材
690    @aU464.03@v5
690    @aU472.43@v5
701  0 @a邱宗敏@9qiu zong min@4主编
701  0 @a邢世凯@9xing shi kai@4主编
801  0 @aCN@b91MARC@c20171022
905    @b1036161-5@dU464.03@f5@e639=4
    
    汽车发动机构造与维修/邱宗敏,邢世凯主编.-第4版.-大连:大连理工大学出版社,2017.1
    300页:图;26cm
    “十二五”职业教育国家规划教材
    
    ISBN 978-7-5685-0693-9:CNY42.50
    本书内容包括:发动机基本工作原理与总体构造,曲柄连杆机构的构造与维修,配气机构的构造与维修,汽油喷射式燃料供给系的构造与维修,发动机辅助控制系统的构造与维修,柴油机燃料供给系的构造与维修,润滑系的构造与维修,冷却系的结构与维修,发动机装配、磨合与发动机特性。
●
相关链接 在E读中查询图书 在五车中查询图书 在当当中查询图书 在豆瓣中查询图书


正题名:汽车发动机构造与维修     索取号:U464.03/639=4         预约/预借

序号 登录号 条形码 馆藏地/架位号 状态 备注
1 1036161   210361614   第二样本阅览室/ [索取号:U464.03/639=4] 在馆    
2 1036162   210361623   密集书库-生命科学系/ [索取号:U464.03/639=4] 在馆    
3 1036163   210361632   第三借阅区/ [索取号:U464.03/639=4] 在馆    
4 1036164   210361641   第三借阅区/ [索取号:U464.03/639=4] 在馆    
5 1036165   210361650   第三借阅区/ [索取号:U464.03/639=4] 在馆    
唐山师范学院图书馆 欢迎您!
大连网信软件有限公司© 版权所有